LEADER 01173nam a2200265 4500 001 000000331897 003 CaOOAMICUS 005 20190109093546.0 008 190108s1998 gw a 000 u ger r 020 $a3-525-61335-0 040 $aSeMil$bita 245 10$aMethodisches Kompendium für den Religionsunterricht /$cGottfried Adam, Rainer Lachmann (Hg.) 250 $a3. Aufl. 264 1$aGöttingen :$bVandenhoeck & Ruprecht,$c1998. 300 $a452 p. :$bill. ;$c21 cm 650 4$aChiesa evangelica - Religione - Pedagogia.$0(OLS)http://semarc/subject/48053 650 4$aOra di religione.$0(OLS)http://semarc/subject/45717 700 1 $aAdam, Gottfried.$0(OLS)http://semarc/name/108801 700 1 $aLachmann, Rainer.$0(OLS)http://semarc/name/108802 850 $aSeMil 852 $aSeMil$W1$xVenegono$y1$m2Q I 139$j210694$B223846$CSeMilBibl$Z2$F223846 $81 996 $6020$a3-525-61335-0$9(OLS)http://semarc/number/286070 996 $6245$aMethodisches Kompendium für den Religionsunterricht$9(OLS)http://semarc/title/420618 996 $6264$aGöttingen :$bVandenhoeck & Ruprecht$9(OLS)http://semarc/publisher/29697 LEADER 01056nam a2200241 i 4500 001 000000056292 003 CaOOAMICUS 005 20100610000000.0 008 100610n it u000 u ita u 013 $a27464 040 $aSeMil$bita 100 1 $aColombo, Giovanni,$c.$0(OLS)http://semarc/name/1549 245 10$aAspetti e problemi pastorali della Chiesa Milanese /$cGiovanni Colombo. 260 $a[S.l. :$bs.n.],$c[s.d.] 300 $a42 p. ;$c25 cm. 500 $aTesto di una conferenza tenuta il 12 maggio 1970 (?), presso l'Ambrosianeum. 650 4$aMilano (Arcidiocesi) - Pastorale.$0(OLS)http://semarc/subject/9774 650 4$aVescovi milanesi - Scritti e discorsi.$0(OLS)http://semarc/subject/1169 850 $aSeMil 852 $aSeMil$W1$xVenegono$y1$m2F V 68$j22446$B22446$CSeMilBibl$Z2$F22448 $81 961 $aOmaggio: Deposito 996 $6245$aAspetti e problemi pastorali della Chiesa Milanese$9(OLS)http://semarc/title/87483 996 $6260$a[S.l. :$bs.n.]$9(OLS)http://semarc/publisher/29751 LEADER 00607nam a2200169 i 4500 001 000000236976 003 CaOOAMICUS 005 20141216000000.0 008 141216s1864 it u000 u ita u 013 $a215881 040 $aSeMil$bita 245 10$a[E-L]. 300 $a917 p. 773 0 $aD'Avino, Vincenzio$tEnciclopedia dell'ecclesiastico.$bEd. seconda, riveduta, aumentata e in parte rifusa.$dTorino : Giacinto Marietti, 1863-1866.$g2$w()11731 850 $aSeMil 852 $aSeMil$W1$xVenegono$y1$m3A VI 2 FA$j187322$B187322$CSeMilBibl$Z2$F198194 $8I 996 $6245$a[E-L]$9(OLS)http://semarc/title/337700